Normal view
MARC view
- Jain Manoj
Entry Personal Name
001 - CONTROL NUMBER
- control field: 179610
003 - CONTROL NUMBER IDENTIFIER
- control field: OSt
005 - DATE AND TIME OF LATEST TRANSACTION
- control field: 20230314152735.0
008 - FIXED-LENGTH DATA ELEMENTS
- fixed length control field: 230314|| aca||aabn | a|a d
040 ## - CATALOGING SOURCE
- Original cataloging agency: OSt
- Transcribing agency: OSt
100 ## - HEADING--PERSONAL NAME
- Personal name: Jain Manoj
670 ## - SOURCE DATA FOUND
- Source citation: Work cat.: (OSt)141454: Jain Manoj, Management of Infectious Diseases, 2010